[Event "Le Havre"]
[Site "Le Havre"]
[Date "1977.??.??"]
[Round "9"]
[White "Gheorghiu, Florin"]
[Black "Matulovic, Milan"]
[Result "1/2-1/2"]
[WhiteElo "2545"]
[BlackElo "2510"]
[PlyCount "50"]
[EventDate "1977.??.??"]
[Source "www.chesslib.no"]
[SourceDate "2004.05.04"]

1. e4 c5 2. Nf3 d6 3. d4 cxd4 4. Nxd4 Nf6 5. Nc3 a6 6. Bg5 e6 7. f4 Be7 8. Qf3 h6 9. Bh4 g5 10. fxg5 Nfd7 11. Nxe6 fxe6 12. Qh5+ Kf8 13. Bb5 Rh7 14. O-O+ Kg8 15. g6 Rg7 16. Rf7 Bxh4 17. Qxh6 Rxf7 18. gxf7+ Kxf7 19. Qh7+ Kf8 20. Rf1+ Bf6 21. Qh8+ Ke7 22. Nd5+ exd5 23. Qh7+ Kf8 24. Qh8+ Ke7 25. Qh7+ Kf8 1/2-1/2

[Event "Corr"]
[Site "?"]
[Date "2001.11.01"]
[Round "?"]
[White "Sevecek Rudolf"]
[Black "Cranbourne Carlos Leon (ARG)"]
[Result "0-1"]
[WhiteElo "2607"]
[BlackElo "2443"]
[PlyCount "100"]
[EventDate "2001.??.??"]
[Source "www.chesslib.no"]
[SourceDate "2004.05.04"]

1. e4 c5 2. Nf3 d6 3. d4 cxd4 4. Nxd4 Nf6 5. Nc3 a6 6. Bg5 e6 7. f4 Be7 8. Qf3 h6 9. Bh4 g5 10. fxg5 Nfd7 11. Nxe6 fxe6 12. Qh5+ Kf8 13. Bb5 Rh7 14. O-O+ Kg8 15. g6 Rg7 16. Rf7 Bxh4 17. Qxh6 Rxf7 18. gxf7+ Kxf7 19. Rf1+ Bf6 20. Qh7+ Ke8 21. Qg6+ Kf8 22. e5 dxe5 23. Ne4 Qb6+ 24. Kh1 axb5 25. Nxf6 Ke7 26. Qe8+ Kd6 27. Qxc8 Ra4 28. c3 Nxf6 29. Qxb8+ Ke7 30. Qxe5 Nd7 31. Qg5+ Kd6 32. h4 Kc7 33. h5 Qd6 34. h6 Qd5 35. Qg3+ Kc6 36. b4 Qh5+ 37. Qh2 Qe2 38. Rg1 Ra8 39. g4 Qe3 40. Qg2+ Kb6 41. g5 Ne5 42. Rf1 Qxc3 43. g6 Rh8 44. h7 Nxg6 45. Qxg6 Qh3+ 46. Kg1 Rxh7 47. Qg2 Qh6 48. Re1 e5 49. Kf1 Qh1+ 50. Qg1+ Ka6 0-1

[Event "Olot"]
[Site "Olot"]
[Date "1972.??.??"]
[Round "?"]
[White "Diez del Corral, Jesus"]
[Black "Ljubojevic, Ljubomir"]
[Result "1/2-1/2"]
[WhiteElo "2470"]
[BlackElo "2550"]
[PlyCount "58"]
[EventDate "1972.??.??"]
[Source "www.chesslib.no"]
[SourceDate "2004.05.04"]

1. e4 c5 2. Nf3 d6 3. d4 cxd4 4. Nxd4 Nf6 5. Nc3 a6 6. Bg5 e6 7. f4 Be7 8. Qf3 h6 9. Bh4 Nbd7 10. Bf2 Qc7 11. Bd3 b5 12. a3 Rb8 13. O-O O-O 14. Rae1 b4 15. axb4 Rxb4 16. e5 Bb7 17. exf6 Bxf6 18. Nxe6 fxe6 19. Qg4 Ne5 20. Qxe6+ Qf7 21. Qxf7+ Nxf7 22. Ne4 Bxb2 23. Re2 a5 24. Rb1 a4 25. c3 Bxe4 26. cxb4 Bxd3 27. Rbxb2 a3 28. Rbd2 Bxe2 29. Rxe2 Rb8 1/2-1/2

[Event "Corr"]
[Site "Corr"]
[Date "1993.??.??"]
[Round "?"]
[White "Geenen, Marc"]
[Black "Spassov, Spas"]
[Result "1/2-1/2"]
[WhiteElo "2555"]
[BlackElo "2440"]
[PlyCount "67"]
[EventDate "1993.??.??"]
[Source "www.chesslib.no"]
[SourceDate "2004.05.04"]

1. e4 c5 2. Nf3 d6 3. d4 cxd4 4. Nxd4 Nf6 5. Nc3 a6 6. Bg5 e6 7. f4 Be7 8. Qf3 h6 9. Bh4 g5 10. fxg5 Nfd7 11. Qh5 Ne5 12. Bg3 Bxg5 13. Nf3 Nbc6 14. Rd1 Bf6 15. Be2 Rh7 16. Bf2 Qa5 17. Nd4 Nxd4 18. Bxd4 Bd7 19. O-O Bh8 20. Qh4 Bc6 21. Qf2 Qc7 22. a4 Qe7 23. b4 Bd7 24. b5 a5 25. Rd2 Rc8 26. Nd1 Qg5 27. Ne3 Qg6 28. Bxe5 Bxe5 29. Nc4 Rxc4 30. Bxc4 Rg7 31. Qe3 Ke7 32. Rf3 Qg5 33. Qxg5+ hxg5 34. Rh3 1/2-1/2

[Event "BL2-Nord 0304"]
[Site "Germany"]
[Date "2003.??.??"]
[Round "?.1"]
[White "Vogt, Lothar"]
[Black "Shneider, Aleksandr"]
[Result "1/2-1/2"]
[WhiteElo "2450"]
[BlackElo "2515"]
[PlyCount "53"]
[EventDate "2003.10.??"]
[Source "Roberto Alvarez"]
[SourceDate "2004.07.26"]

1. e4 c5 2. Nf3 d6 3. d4 cxd4 4. Nxd4 Nf6 5. Nc3 a6 6. Bg5 e6 7. f4 Be7 8. Qf3 h6 9. Bh4 Nbd7 10. O-O-O Qc7 11. Kb1 g5 12. fxg5 Ne5 13. Qe2 Nh7 14. Nf3 hxg5 15. Bg3 Nf8 16. Qd2 Nxf3 17. gxf3 Ng6 18. Bxd6 Bxd6 19. Qxd6 Qxd6 20. Rxd6 Bd7 21. Rd2 Ke7 22. Kc1 Rh4 23. Rg1 f6 24. Rgg2 Rah8 25. Rgf2 Bc6 26. Kd1 Nf4 27. b3 1/2-1/2

[Event "ch-EU"]
[Site "?"]
[Date "2005.03.24"]
[Round "3"]
[White "Kotronias Vasilios"]
[Black "Janz Frerik"]
[Result "1-0"]
[WhiteElo "2585"]
[BlackElo "2376"]
[PlyCount "75"]
[EventDate "2005.??.??"]
[Source "www.chesslib.no"]
[SourceDate "2004.05.04"]

1. e4 c5 2. Nf3 d6 3. d4 cxd4 4. Nxd4 Nf6 5. Nc3 a6 6. Bg5 e6 7. f4 Be7 8. Qf3 h6 9. Bh4 Qa5 10. O-O-O Qh5 11. Qxh5 Nxh5 12. Bxe7 Kxe7 13. g3 Bd7 14. Be2 g6 15. Rhf1 Nf6 16. e5 Ne8 17. Bf3 Nc6 18. Bxc6 Bxc6 19. Nxc6+ bxc6 20. Rf3 d5 21. Na4 Nc7 22. Rc3 Nb5 23. Rxc6 Rhc8 24. Rc5 Rxc5 25. Nxc5 a5 26. a4 Rc8 27. Nb7 Nc7 28. Nxa5 Ra8 29. b4 Na6 30. Nc6+ Kd7 31. b5 Kc7 32. Kb2 Kb6 33. c4 dxc4 34. Rd8 Rxd8 35. Nxd8 Nc5 36. Kc3 Nxa4+ 37. Kxc4 Nb2+ 38. Kd4 1-0

[Event "It (open) \"]
[Site "Jyvaskyla (Finland)"]
[Date "2007.07.19"]
[Round "7"]
[White "Agopov Mikael (FIN)"]
[Black "Kanep Meelis (EST)"]
[Result "1/2-1/2"]
[WhiteElo "2436"]
[BlackElo "2515"]
[PlyCount "58"]
[EventDate "2007.??.??"]
[Source "www.chesslib.no"]
[SourceDate "2004.05.04"]

1. e4 c5 2. Nf3 d6 3. d4 cxd4 4. Nxd4 Nf6 5. Nc3 a6 6. Bg5 e6 7. f4 h6 8. Bh4 Be7 9. Qf3 Qc7 10. O-O-O Nbd7 11. g4 b5 12. Bf2 Bb7 13. a3 Nc5 14. Bd3 d5 15. e5 Nfe4 16. Bxe4 Nxe4 17. Rd3 b4 18. axb4 Bxb4 19. Be1 Bc5 20. Bg3 Qb6 21. Na4 Qa5 22. b3 Ba3+ 23. Kd1 O-O 24. Rf1 Nc5 25. Be1 Qd8 26. Nxc5 Bxc5 27. Bc3 a5 28. Rg1 a4 29. b4 Be7 1/2-1/2

[Event "ZAZ Cup"]
[Site "Zaporozhye"]
[Date "2004.09.23"]
[Round "5"]
[White "Malinin, Vasily B"]
[Black "Weetik, Vjacheslav"]
[Result "1-0"]
[WhiteElo "2521"]
[BlackElo "2428"]
[PlyCount "75"]
[EventDate "2004.09.19"]
[Source "Roberto Alvarez"]
[SourceDate "2004.10.18"]

1. e4 c5 2. Nf3 d6 3. d4 cxd4 4. Nxd4 Nf6 5. Nc3 a6 6. Bg5 e6 7. f4 Be7 8. Qf3 h6 9. Bh4 g5 10. fxg5 Nfd7 11. Nxe6 fxe6 12. Qh5+ Kf8 13. Bb5 Rh7 14. O-O+ Kg8 15. g6 Rg7 16. Rf7 Bxh4 17. Qxh6 Qf6 18. Rf1 axb5 19. e5 Qxe5 20. Qxh4 Nc6 21. Ne4 d5 22. Nf6+ Nxf6 23. R1xf6 Qe3+ 24. Rf2 Qe1+ 25. Rf1 Qxf1+ 26. Kxf1 Rxf7+ 27. gxf7+ Kxf7 28. Qh7+ Kf6 29. Qh8+ Kf7 30. h4 Ne7 31. h5 Ra4 32. h6 Rf4+ 33. Kg1 Rg4 34. Qe5 Ng6 35. Qg7+ Ke8 36. h7 e5 37. Qxg6+ Rxg6 38. h8=Q+ 1-0

[Event "Open"]
[Site "Zadar"]
[Date "2004.12.18"]
[Round "8.13"]
[White "Radulski, Julian"]
[Black "Franic, Milan"]
[Result "1/2-1/2"]
[WhiteElo "2501"]
[BlackElo "2414"]
[PlyCount "69"]
[EventDate "2004.12.13"]
[Source "Roberto Alvarez"]
[SourceDate "2004.12.13"]

1. e4 c5 2. Nf3 d6 3. d4 cxd4 4. Nxd4 Nf6 5. Nc3 a6 6. Bg5 e6 7. f4 h6 8. Bh4 Be7 9. Qf3 Nbd7 10. O-O-O Qc7 11. Qg3 Rg8 12. Be2 g5 13. fxg5 Ne5 14. Nf3 Nfd7 15. g6 Rxg6 16. Qh3 b5 17. Bxe7 Kxe7 18. Nh4 b4 19. Nxg6+ Nxg6 20. Nb1 Bb7 21. Nd2 Rc8 22. Bd3 Nge5 23. Kb1 Nc5 24. Rc1 Na4 25. Qxh6 Nxb2 26. Qg5+ Kf8 27. Qh6+ Ke8 28. Kxb2 Qc3+ 29. Kb1 Nxd3 30. cxd3 Qxd3+ 31. Ka1 Qd4+ 32. Kb1 Bxe4+ 33. Nxe4 Qxe4+ 34. Kb2 Qd4+ 35. Kb1 1/2-1/2

[Event "Akureyri"]
[Site "Akureyri"]
[Date "1994.??.??"]
[Round "?"]
[White "Jonsson, Bjorgvin"]
[Black "Olafsson, Helgi"]
[Result "1/2-1/2"]
[WhiteElo "2380"]
[BlackElo "2535"]
[PlyCount "66"]
[EventDate "1994.02.??"]
[Source "ChessBase"]

1. e4 c5 2. Nf3 d6 3. d4 cxd4 4. Nxd4 Nf6 5. Nc3 a6 6. Bg5 e6 7. f4 Be7 8. Qf3 h6 9. Bh4 Qa5 10. O-O-O Qh5 11. Qxh5 Nxh5 12. Bxe7 Kxe7 13. g3 Nf6 14. Bg2 Ra7 15. Bf3 b5 16. a3 Rc7 17. Rhe1 Nfd7 18. Re3 Bb7 19. b3 Rhc8 20. Kb2 Nc5 21. h4 Nbd7 22. h5 Nb6 23. Rd2 Nca4+ 24. Nxa4 bxa4 25. Rdd3 d5 26. e5 axb3 27. cxb3 Nd7 28. Rc3 Nc5 29. Kc2 f6 30. b4 fxe5 31. Rxe5 Ne4 32. Rxc7+ Rxc7+ 33. Kb2 Nd2 1/2-1/2

[Event "Linares Anibal op 5th"]
[Site "Linares"]
[Date "1998.01.21"]
[Round "2"]
[White "Anagnostopoulos, Dimitri"]
[Black "Minasian, Ara"]
[Result "1-0"]
[WhiteElo "2475"]
[BlackElo "2440"]
[PlyCount "59"]
[EventDate "1998.01.20"]
[Source "ChessBase"]
[SourceDate "1998.03.09"]

1. e4 c5 2. Nf3 d6 3. d4 cxd4 4. Nxd4 Nf6 5. Nc3 a6 6. Bg5 e6 7. f4 Be7 8. Qf3 h6 9. Bh4 Nbd7 10. O-O-O Qc7 11. Qg3 g5 12. fxg5 hxg5 13. Bxg5 b5 14. Bxb5 axb5 15. Ndxb5 Qb8 16. Nxd6+ Bxd6 17. Rxd6 Rg8 18. h4 Nh7 19. Qf4 Ra5 20. Rf1 Nxg5 21. hxg5 Ne5 22. Rfd1 Nd7 23. g3 Re5 24. Rf1 Rf8 25. Rd2 Rc5 26. Qh4 Qe5 27. g6 fxg6 28. Rxf8+ Nxf8 29. Qd8+ Kf7 30. Rf2+ 1-0

[Event "Elista ol (Men)"]
[Site "Elista"]
[Date "1998.10.05"]
[Round "7"]
[White "De la Paz, Frank"]
[Black "Sadvakasov, Darmen"]
[Result "1/2-1/2"]
[WhiteElo "2470"]
[BlackElo "2440"]
[PlyCount "121"]
[EventDate "1998.09.29"]
[Source "ChessBase"]
[SourceDate "1998.11.06"]

1. e4 c5 2. Nf3 d6 3. d4 cxd4 4. Nxd4 Nf6 5. Nc3 a6 6. Bg5 e6 7. f4 Be7 8. Qf3 h6 9. Bh4 g5 10. fxg5 Nfd7 11. Qh5 Ne5 12. Bf2 Bxg5 13. h4 Be7 14. O-O-O Qa5 15. Kb1 Nbd7 16. Bd3 b5 17. Rdf1 Nf6 18. Qe2 Rg8 19. Nb3 Qc7 20. Bd4 Nfg4 21. Nd1 Nc6 22. Bg1 Bb7 23. Nd4 Nce5 24. Ne3 Bf6 25. Nxg4 Nxg4 26. Rh3 Bxd4 27. Bxd4 e5 28. Bg1 Bc8 29. Qd2 Be6 30. Rg3 Ke7 31. Be2 h5 32. Rd1 Nf6 33. Rc3 Qd7 34. Bf3 Rac8 35. Rxc8 Rxc8 36. Be3 Ng4 37. Bb6 Qc6 38. Ba5 Ne3 39. Rc1 Nc4 40. Qg5+ Kd7 41. Be1 Nxb2 42. Qe3 Nc4 43. Qd3 b4 44. Ka1 Na3 45. Bxb4 Nc4 46. Rb1 a5 47. Be1 Qc5 48. Bxh5 Ne3 49. c3 Nxg2 50. Bxf7 Nxe1 51. Bxe6+ Kxe6 52. Qh3+ Ke7 53. Rxe1 Qxc3+ 54. Qxc3 Rxc3 55. Rh1 Rc4 56. h5 Kf7 57. h6 Kg8 58. Rd1 Rc6 59. Rf1 a4 60. Kb2 Rc4 61. Rd1 1/2-1/2

[Event "XII Torneo magistrale"]
[Site "Zenica BOS"]
[Date "2008.11.30"]
[Round "3.1"]
[White "Zivkovic, Vjekoslav"]
[Black "Martinovic, Slobodan"]
[Result "1/2-1/2"]
[WhiteElo "2429"]
[BlackElo "2480"]
[PlyCount "52"]
[EventDate "2008.11.29"]
[Source "www.chesslib.no"]
[SourceDate "2004.05.04"]

1. e4 c5 2. Nf3 d6 3. d4 cxd4 4. Nxd4 Nf6 5. Nc3 a6 6. Bg5 e6 7. f4 Be7 8. Qf3 h6 9. Bh4 g5 10. fxg5 Nfd7 11. Nxe6 fxe6 12. Qh5+ Kf8 13. Bb5 Rh7 14. O-O+ Kg8 15. g6 Rg7 16. Rf7 Bxh4 17. Qxh6 Rxf7 18. gxf7+ Kxf7 19. Rf1+ Bf6 20. e5 dxe5 21. Ne4 Qb6+ 22. Kh1 axb5 23. Nxf6 Ke7 24. Rd1 Nxf6 25. Qg7+ Ke8 26. Qg6+ Ke7 1/2-1/2

[Event "Serpukhov (Russia)"]
[Site "?"]
[Date "2002.??.??"]
[Round "4"]
[White "Kurnosov Igor"]
[Black "Khismatullin Denis"]
[Result "1/2-1/2"]
[WhiteElo "2477"]
[BlackElo "2431"]
[PlyCount "37"]
[EventDate "2002.??.??"]
[Source "www.chesslib.no"]
[SourceDate "2004.05.04"]

1. e4 c5 2. Nf3 d6 3. d4 cxd4 4. Nxd4 Nf6 5. Nc3 a6 6. Bg5 e6 7. f4 Be7 8. Qf3 h6 9. Bh4 Nbd7 10. Bg3 Qc7 11. O-O-O O-O 12. Kb1 b5 13. e5 Bb7 14. Qe2 dxe5 15. fxe5 Nd5 16. Ne4 Nxe5 17. Nf2 Bd6 18. Ne4 Be7 19. Nf2 1/2-1/2

[Event "Dresden"]
[Site "?"]
[Date "2003.07.26"]
[Round "2"]
[White "Wegener Dirk"]
[Black "Bischoff Klaus"]
[Result "0-1"]
[WhiteElo "2344"]
[BlackElo "2561"]
[PlyCount "54"]
[EventDate "2003.??.??"]
[Source "www.chesslib.no"]
[SourceDate "2004.05.04"]

1. e4 c5 2. Nf3 d6 3. d4 cxd4 4. Nxd4 Nf6 5. Nc3 a6 6. Bg5 e6 7. f4 Be7 8. Qf3 h6 9. Bh4 Nbd7 10. Bf2 Qc7 11. Bd3 b5 12. O-O Bb7 13. Rae1 b4 14. Nb1 g5 15. fxg5 hxg5 16. Qe2 Ne5 17. Kh1 d5 18. Bg1 Nh5 19. Bf2 Nf4 20. Qd1 Nfxd3 21. cxd3 Nxd3 22. e5 Nxe1 23. Qxe1 a5 24. Qe3 Rc8 25. Nb5 Qc4 26. Nd6+ Bxd6 27. Nd2 Qf4 0-1

[Event "ISL-chT 9900"]
[Site "Iceland"]
[Date "1999.??.??"]
[Round "?"]
[White "Jonsson, Bjorgvin"]
[Black "Olafsson, Helgi"]
[Result "1/2-1/2"]
[WhiteElo "2392"]
[BlackElo "2498"]
[PlyCount "26"]
[EventDate "1999.??.??"]
[Source "www.chesslib.no"]
[SourceDate "2004.05.04"]

1. e4 c5 2. Nf3 d6 3. d4 cxd4 4. Nxd4 Nf6 5. Nc3 a6 6. Bg5 e6 7. f4 Be7 8. Qf3 h6 9. Bh4 Qa5 10. O-O-O Qh5 11. Qxh5 Nxh5 12. Bxe7 Kxe7 13. g3 Nf6 1/2-1/2

[Event "Petrosian Mem Open"]
[Site "Yerevan"]
[Date "2004.11.22"]
[Round "4"]
[White "Sanikidze, Tornike"]
[Black "Minasian, Ara"]
[Result "1-0"]
[WhiteElo "2364"]
[BlackElo "2524"]
[PlyCount "115"]
[EventDate "2004.11.18"]
[Source "Roberto Alvarez"]
[SourceDate "2004.11.29"]

1. e4 c5 2. Nf3 d6 3. d4 cxd4 4. Nxd4 Nf6 5. Nc3 a6 6. Bg5 e6 7. f4 Be7 8. Qf3 h6 9. Bh4 Nbd7 10. O-O-O Qc7 11. f5 Ne5 12. Qh3 Nfg4 13. fxe6 fxe6 14. Be2 Bxh4 15. Bxg4 Bg5+ 16. Kb1 Nxg4 17. Qxg4 O-O 18. Nf3 Bf6 19. e5 Bxe5 20. Nxe5 dxe5 21. Ne4 Rf4 22. Qg6 Bd7 23. Rhe1 Raf8 24. Nc5 Be8 25. Qxe6+ Bf7 26. Qxe5 Qxe5 27. Rxe5 Rf2 28. Nxb7 Bg6 29. Rc5 Rxg2 30. b4 Rff2 31. Rd8+ Kh7 32. Rdc8 Rxh2 33. Kb2 h5 34. a4 Rf4 35. Ka3 Rf3+ 36. Kb2 Rf4 37. Ka3 Rhh4 38. c3 Rhg4 39. Nd8 Bf5 40. Rb8 Bd7 41. Rxh5+ Kg6 42. Rd5 Bf5 43. Rd6+ Kh5 44. Rxa6 Rc4 45. Rc6 Rxc6 46. Nxc6 Rc4 47. b5 Rxc3+ 48. Kb4 Rc1 49. a5 Be4 50. Rh8+ Kg4 51. a6 Bxc6 52. bxc6 Rxc6 53. a7 Ra6 54. a8=Q Rxa8 55. Rxa8 g5 56. Kc3 Kf3 57. Rf8+ Ke3 58. Rg8 1-0

[Event "Pardubice Open"]
[Site "Pardubice CZE"]
[Date "1995.??.??"]
[Round "?"]
[White "Voitsekhovsky, Stanislav"]
[Black "Lingnau, Carsten"]
[Result "1-0"]
[WhiteElo "2485"]
[BlackElo "2400"]
[PlyCount "97"]
[EventDate "1995.07.??"]
[Source "www.chesslib.no"]
[SourceDate "2004.05.04"]

1. e4 c5 2. Nf3 d6 3. d4 cxd4 4. Nxd4 Nf6 5. Nc3 a6 6. Bg5 e6 7. f4 Be7 8. Qf3 h6 9. Bh4 Qa5 10. O-O-O Qh5 11. Qxh5 Nxh5 12. Bxe7 Kxe7 13. g3 Nf6 14. Bg2 Ra7 15. Rhe1 Nfd7 16. Nd5+ Kd8 17. Nb4 Ke7 18. a4 Rd8 19. Re3 Nc5 20. a5 Bd7 21. e5 d5 22. f5 Nc6 23. Nbxc6+ bxc6 24. Rf1 Nb7 25. fxe6 fxe6 26. Ref3 Rg8 27. Rf7+ Ke8 28. Bh3 Nd8 29. Bxe6 Rh8 30. Rxg7 c5 31. Rxd7 Rxd7 32. Bxd7+ Kxd7 33. Nb3 Ne6 34. Rf7+ Ke8 35. Ra7 Rf8 36. Ra8+ Ke7 37. Rxf8 Kxf8 38. c4 dxc4 39. Nd2 Nd4 40. Nxc4 Ke7 41. Kd2 Ke6 42. Kd3 Kd5 43. Ne3+ Kxe5 44. Ng4+ Kd5 45. Nxh6 Nc6 46. Ng4 Nxa5 47. Ne3+ Ke6 48. Nc4 Nc6 49. Ke4 1-0

[Event "Hellir op"]
[Site "Reykjavik"]
[Date "1997.10.30"]
[Round "7"]
[White "Schmidt Schaeffer, Sebastian"]
[Black "Olafsson, Helgi"]
[Result "1-0"]
[WhiteElo "2365"]
[BlackElo "2505"]
[PlyCount "73"]
[EventDate "1997.10.24"]
[Source "ChessBase"]
[SourceDate "1998.03.09"]

1. e4 c5 2. Nf3 d6 3. d4 cxd4 4. Nxd4 Nf6 5. Nc3 a6 6. Bg5 e6 7. f4 Be7 8. Qf3 h6 9. Bh4 Qa5 10. O-O-O Qh5 11. Bf2 Qxf3 12. gxf3 b5 13. Rg1 O-O 14. e5 dxe5 15. fxe5 Nfd7 16. f4 Bb7 17. Bg2 Bxg2 18. Rxg2 Kh7 19. Ne4 Rc8 20. Rdg1 g6 21. Nxe6 fxe6 22. Rxg6 Bg5 23. Rxe6 Bxf4+ 24. Kb1 Nc6 25. Nf6+ Nxf6 26. exf6 h5 27. f7 Bxh2 28. Rgg6 Ne5 29. Rg5 Nf3 30. Rf5 Rd8 31. a3 Nd2+ 32. Ka2 Kg7 33. Bb6 Bd6 34. Bxd8 Rxd8 35. Re8 Rd7 36. Rg8+ Kh7 37. Rxh5# 1-0

[Event "Capablanca mem-B"]
[Site "Cienfuegos"]
[Date "1985.??.??"]
[Round "10"]
[White "Tatai, Stefano"]
[Black "Ortega, Lexy"]
[Result "0-1"]
[WhiteElo "2475"]
[BlackElo "2385"]
[PlyCount "62"]
[EventDate "1985.??.??"]
[Source "ChessBase"]

1. e4 c5 2. Nf3 d6 3. d4 cxd4 4. Nxd4 Nf6 5. Nc3 a6 6. Bg5 e6 7. f4 h6 8. Bh4 Be7 9. Qf3 Qc7 10. O-O-O Nbd7 11. Qg3 g5 12. fxg5 Rg8 13. g6 Rxg6 14. Qe1 Ne5 15. Nf3 Bd7 16. Nxe5 dxe5 17. Rd3 b5 18. Rg3 b4 19. Rxg6 fxg6 20. Bxf6 Bxf6 21. Nd1 Rc8 22. Qf2 Bg5+ 23. Kb1 Qd6 24. Qe1 Ke7 25. h4 Bd2 26. Qf2 Bf4 27. Qe1 Bg3 28. Qe2 Bb5 29. Qg4 h5 30. Qg5+ Kf7 31. Bxb5 Bf4 0-1

[Event "TCh-FRA Nat1 GpB"]
[Site "Montpellier"]
[Date "2004.04.04"]
[Round "7"]
[White "Fontaine, Robert"]
[Black "Bijaoui, Manuel"]
[Result "1/2-1/2"]
[WhiteElo "2532"]
[BlackElo "2324"]
[PlyCount "53"]
[EventDate "2004.01.30"]
[Source "Roberto Alvarez"]
[SourceDate "2004.04.12"]

1. e4 c5 2. Nf3 d6 3. d4 cxd4 4. Nxd4 Nf6 5. Nc3 a6 6. Bg5 e6 7. f4 Be7 8. Qf3 h6 9. Bh4 g5 10. fxg5 Nfd7 11. Nxe6 fxe6 12. Qh5+ Kf8 13. Bc4 Ne5 14. Bg3 Nbc6 15. gxh6 Bd7 16. O-O+ Kg8 17. Nd5 Be8 18. Qh3 exd5 19. exd5 Kh7 20. dxc6 Nxc4 21. cxb7 Qb6+ 22. Bf2 Qxb7 23. Qd3+ Bg6 24. Qxc4 Rac8 25. Qe6 Rhg8 26. Rfe1 Bg5 27. c3 1/2-1/2

[Event "Budapest FS06 GM"]
[Site "Budapest"]
[Date "2001.06.09"]
[Round "8"]
[White "Guseinov, Kadir"]
[Black "Peng, Zhaoqin"]
[Result "1-0"]
[WhiteElo "2456"]
[BlackElo "2391"]
[PlyCount "53"]
[EventDate "2001.06.02"]
[Source "ChessBase"]
[SourceDate "2001.07.03"]

1. e4 c5 2. Nf3 d6 3. d4 cxd4 4. Nxd4 Nf6 5. Nc3 a6 6. Bg5 e6 7. f4 Be7 8. Qf3 h6 9. Bh4 Nbd7 10. O-O-O Qc7 11. g4 g5 12. e5 dxe5 13. fxg5 hxg5 14. Bg3 Bb4 15. Ne4 Nxe4 16. Qxe4 Nf6 17. Nxe6 Bxe6 18. Qxb4 Nd5 19. Qe4 Nf4 20. Bxf4 exf4 21. Bg2 Rc8 22. Rd2 b5 23. Qd4 Ke7 24. Re1 Qc4 25. Qd6+ Kf6 26. Qe5+ Ke7 27. Bd5 1-0

[Event "Paris-ch"]
[Site "Paris"]
[Date "2000.07.21"]
[Round "7"]
[White "Mullon, Jean Baptiste"]
[Black "Shneider, Aleksandr"]
[Result "0-1"]
[WhiteElo "2296"]
[BlackElo "2542"]
[PlyCount "96"]
[EventDate "2000.07.15"]
[Source "www.chesslib.no"]
[SourceDate "2004.05.04"]

1. e4 c5 2. Nf3 d6 3. d4 cxd4 4. Nxd4 Nf6 5. Nc3 a6 6. Bg5 e6 7. f4 Be7 8. Qf3 h6 9. Bh4 Nbd7 10. Bf2 Qc7 11. O-O-O b5 12. Bd3 Bb7 13. Kb1 b4 14. Nce2 Nc5 15. Ng3 g6 16. Nb3 h5 17. Rhe1 Rc8 18. Bxc5 dxc5 19. Nd2 O-O 20. Nc4 Rfd8 21. Nf1 Rd4 22. Nfd2 Rcd8 23. Qf1 a5 24. g3 a4 25. f5 exf5 26. exf5 g5 27. Nf3 Bxf3 28. Qxf3 a3 29. h4 g4 30. Qe3 Bf8 31. b3 Bg7 32. Qg5 Qxg3 33. Ne5 Qf4 34. Nxf7 Kxf7 35. Re7+ Kxe7 36. Qxg7+ Kd6 37. Qxf6+ Kc7 38. Qe7+ Kb6 39. Re1 R4d6 40. Re4 Qg3 41. Qe5 Qxe5 42. Rxe5 Rf6 43. Kc1 Rd4 44. Kd2 g3 45. Ke2 Rxh4 46. Kf3 Rg4 47. Kg2 h4 48. Be4 Rxe4 0-1

[Event "Petrov mem"]
[Site "St Petersburg"]
[Date "1998.??.??"]
[Round "2"]
[White "Chehlov, Aleksander"]
[Black "Voitsekhovsky, Stanislav"]
[Result "1-0"]
[WhiteElo "2290"]
[BlackElo "2540"]
[PlyCount "107"]
[EventDate "1998.??.??"]
[Source "www.chesslib.no"]
[SourceDate "2004.05.04"]

1. e4 c5 2. Nf3 d6 3. d4 cxd4 4. Nxd4 Nf6 5. Nc3 a6 6. Bg5 e6 7. f4 Be7 8. Qf3 h6 9. Bh4 Nbd7 10. O-O-O Qc7 11. Kb1 g5 12. fxg5 Ne5 13. Qe2 Nh7 14. Nf3 hxg5 15. Bg3 Bd7 16. Qd2 f6 17. Be2 Nf8 18. h4 gxh4 19. Nxh4 b5 20. a3 Qb7 21. Nf5 Rxh1 22. Ng7+ Kd8 23. Rxh1 b4 24. axb4 Qxb4 25. Qe3 Rb8 26. Nd1 Nc4 27. Bxc4 Qxc4 28. Qd3 Qc6 29. Nc3 Kc7 30. Nh5 Ng6 31. Rf1 Rf8 32. Qd4 Ne5 33. Nf4 Rb8 34. Kc1 Rg8 35. Bf2 Kc8 36. Qb4 Bd8 37. Rd1 Bc7 38. Qb3 Nc4 39. Rd4 Ne5 40. Qa2 Rh8 41. Nxe6 Rh1+ 42. Rd1 Rxd1+ 43. Kxd1 Nc4 44. Nxc7 Kxc7 45. Nd5+ Kd8 46. b3 Ne5 47. Qa5+ Ke8 48. Nxf6+ Ke7 49. Nd5+ Ke8 50. Bh4 Qc8 51. Qb4 Bg4+ 52. Kd2 Qc6 53. Qb8+ Kf7 54. Qd8 1-0

[Event "Sisak"]
[Site "Sisak"]
[Date "2000.05.19"]
[Round "4"]
[White "Videki, Sandor"]
[Black "Franic, Milan"]
[Result "1/2-1/2"]
[WhiteElo "2439"]
[BlackElo "2386"]
[PlyCount "26"]
[EventDate "2000.05.17"]
[Source "ChessBase"]
[SourceDate "2000.07.11"]

1. e4 c5 2. Nf3 d6 3. d4 cxd4 4. Nxd4 Nf6 5. Nc3 a6 6. Bg5 e6 7. f4 Be7 8. Qf3 h6 9. Bh4 Qa5 10. O-O-O Qh5 11. Qg3 g5 12. fxg5 Nfd7 13. Be2 Qxh4 1/2-1/2

[Event "EU-chT (Men)"]
[Site "Pula"]
[Date "1997.??.??"]
[Round "8"]
[White "Yilmaz, Turham"]
[Black "Danner, Georg"]
[Result "0-1"]
[WhiteElo "2390"]
[BlackElo "2430"]
[PlyCount "106"]
[EventDate "1997.05.05"]
[Source "ChessBase"]

1. e4 c5 2. Nf3 d6 3. d4 cxd4 4. Nxd4 Nf6 5. Nc3 a6 6. Bg5 e6 7. f4 Be7 8. Qf3 h6 9. Bh4 Qa5 10. O-O-O Nbd7 11. Bf2 g5 12. g3 gxf4 13. gxf4 Qh5 14. Be2 Qxf3 15. Bxf3 Nf8 16. Nde2 Ng6 17. Rhg1 h5 18. Bb6 Kf8 19. Ba5 Nh4 20. Bh1 Ng4 21. Bb4 Nxh2 22. e5 d5 23. Bxe7+ Kxe7 24. Bxd5 Ng4 25. Be4 Nf2 26. Rd6 Nxe4 27. Nxe4 Bd7 28. Nf6 Bb5 29. Nd4 Nf5 30. Nxf5+ exf5 31. Nd5+ Kf8 32. Ne3 h4 33. Nxf5 h3 34. Nd4 Rh4 35. Rf6 Rc8 36. Rh1 Bc4 37. Nf5 Rh7 38. Nh6 Bxa2 39. Rxh3 Be6 40. f5 Bd5 41. Rg3 Rg7 42. Rg4 Bb3 43. c3 Rc5 44. e6 Rd5 45. Rd4 Rg1+ 46. Kd2 Re5 47. Rxf7+ Ke8 48. c4 Rd1+ 49. Kc3 Re3+ 50. Kb4 Rxd4 51. Ng8 Rxc4+ 52. Ka5 Ra4+ 53. Kb6 Bxe6 0-1

[Event "Kaluga (Russia)"]
[Site "?"]
[Date "2002.??.??"]
[Round "5"]
[White "Smolkov Igor"]
[Black "Zhelnin Vladimir V"]
[Result "0-1"]
[WhiteElo "2334"]
[BlackElo "2480"]
[PlyCount "98"]
[EventDate "2002.??.??"]
[Source "www.chesslib.no"]
[SourceDate "2004.05.04"]

1. e4 c5 2. Nf3 d6 3. d4 cxd4 4. Nxd4 Nf6 5. Nc3 a6 6. Bg5 e6 7. f4 h6 8. Bh4 Be7 9. Qf3 Qc7 10. O-O-O Nbd7 11. g4 g5 12. e5 dxe5 13. fxg5 hxg5 14. Bg3 Rb8 15. h4 gxh4 16. g5 Nh5 17. g6 Bg5+ 18. Kb1 Ndf6 19. Ne4 fxg6 20. Bb5+ axb5 21. Nxb5 Qa5 22. Bxe5 O-O 23. Nxg5 Qxb5 24. Bxb8 Qxg5 25. Rdg1 Qf5 26. Qxf5 exf5 27. Rxg6+ Kf7 28. Rg5 Be6 29. Be5 Ng3 30. Rxh4 Nge4 31. Rg1 Bd5 32. b3 Ke6 33. Bf4 Ng4 34. Kb2 Nef6 35. c4 Bc6 36. b4 Rd8 37. Re1+ Kf7 38. b5 Be4 39. Kc3 Ra8 40. Kb3 Nf2 41. Rf1 Nd3 42. Be3 Ke6 43. Bd4 Ng4 44. a4 Nde5 45. c5 Nf3 46. Bc3 Nxh4 47. a5 Nf3 48. Kb4 Ne3 49. Ra1 Nc2+ 0-1